La masonería oculta y la iniciación hermética

Saved in:
Bibliografiske detaljer
Hovedforfatter: Ragón, J. M (Author)
Format: Bog
Sprog:spansk
Udgivet: Buenos Aires Kier 1951
Fag:
Tags: Tilføj Tag
Ingen Tags, Vær først til at tagge denne postø!

MARC

LEADER 00000nam a2200000 a 4500
001 UCP8060
003 CL-VaPUC
008 000106e19510000AG |||||||||||||||||spa|d
082 0 4 |a 366.12  |b RAG  |2 21 
100 0 |a Ragón, J. M  |e author  |9 437877 
245 1 3 |a La masonería oculta y la iniciación hermética 
300 |a 190 p 
942 |c BK 
945 |d 20000106 00:00:00  |a crobeson 
260 |a Buenos Aires  |b Kier  |c 1951 
650 0 |a Masonería   |9 256238 
650 7 |a SOCIEDADES SECRETAS  |2 CL-VaPUC  |9 321683 
650 0 |a Rituales  |9 349198 
583 |a last modification  |c 20000106 00:00:00  |k Rodrigo Vera 
999 |c 285094  |d 285092 
952 |0 0  |1 0  |4 0  |6 366_120000000000000_RAG_1951  |7 0  |8 A  |9 329465  |a BIBHIS  |b BIBHIS  |d 2019-11-20  |i 1374834  |l 1  |o 366.12 RAG 1951  |p 1374834  |r 2025-01-20  |s 2023-07-03  |w 2019-11-20  |y BK  |k HIS